| 000 | 00563nam a2200193Ia 4500 | ||
|---|---|---|---|
| 008 | 140321s9999 xx 000 0 und d | ||
| 020 | _a9781111972103 | ||
| 050 |
_aHF 5686.C8 _b.R13 2013 |
||
| 100 | _aRainborn, Cecily A. | ||
| 245 |
_aCost accounting principles / _cCecily A. Raiborn & Michael R. Kinney. |
||
| 250 | _a9th ed. | ||
| 260 |
_aOhio : _bSouth-Western Cengage Learning, _cc2013. |
||
| 300 |
_a832 p. : _bcol. ill. ; _c28 cm. |
||
| 500 | _aIncludes index. | ||
| 521 | _aBSA | ||
| 650 | _aCost Accounting. | ||
| 942 |
_kFOR _cBK |
||
| 999 |
_c48593 _d48593 |
||